Detalles MARC
| 000 -CABECERA |
| campo de control de longitud fija |
01720nam a2200265 a 4500 |
| 001 - NÚMERO DE CONTROL |
| campo de control |
000048443 |
| 005 - FECHA Y HORA DE LA ÚLTIMA TRANSACCIÓN |
| campo de control |
20250621074009.0 |
| 008 - DATOS DE LONGITUD FIJA--INFORMACIÓN GENERAL |
| campo de control de longitud fija |
190320s2016 dr 000 0 spa d |
| 020 ## - NÚMERO INTERNACIONAL ESTÁNDAR DEL LIBRO |
| Número Internacional Estándar del Libro |
9781234567897 |
| 040 ## - FUENTE DE LA CATALOGACIÓN |
| Centro catalogador/agencia de origen |
DO-SdBNP |
| Lengua de catalogación |
spa |
| Centro/agencia transcriptor |
BNPHU |
| 082 ## - NÚMERO DE LA CLASIFICACIÓN DECIMAL DEWEY |
| Número de clasificación |
327.7293 |
| Número de documento/Ítem |
L579i |
| 100 1# - ENTRADA PRINCIPAL--NOMBRE DE PERSONA |
| Nombre de persona |
León, Ángel María De |
| Fechas asociadas al nombre |
1947- |
| 9 (RLIN) |
75857 |
| 245 10 - MENCIÓN DE TÍTULO |
| Título |
Influencia de la geopolítica imperial en las relaciones internacionales y diplomáticas de República Dominicana / |
| Mención de responsabilidad, etc. |
Ángel María de León. |
| 260 ## - PUBLICACIÓN, DISTRIBUCIÓN, ETC. |
| Lugar de publicación, distribución, etc. |
Santo Domingo : |
| Nombre del editor, distribuidor, etc. |
Nuevo Diario, |
| Fecha de publicación, distribución, etc. |
2016. |
| 500 ## - NOTA GENERAL |
| Nota general |
Incluye referencias bibliográficas y notas al pie de las paginas. |
| 504 ## - NOTA DE BIBLIOGRAFÍA, ETC. |
| Nota de bibliografía, etc. |
Bibliografía: p. 179-183. |
| 500 ## - NOTA GENERAL |
| Nota general |
Incluye datos biográficos del autor en la contracubierta. |
| 505 0# - NOTA DE CONTENIDO CON FORMATO |
| Nota de contenido con formato |
Dedicatoria y agradecimiento -- Presentación -- P3285alabras del autor -- Introducción -- Influencia de la geopolítica imperial en las relaciones internacionales y diplompaticas de la República Domincana -- La intervención militar y ocupación del territorio dominicano, por parte del gobierno de los Estados Unidos de América, (1916-1924) -- Las relaciones exteriores de la República Dominicana durante en los doce años de Balaguer -- Una diplomacia y relaciones internacionales para promover los objetivos de desarrollo sostenible y la estrategia nacional de desarrollo end -- Conclusión -- Anexos. |
| 590 ## - NOTA LOCAL (RLIN) |
| Nota local |
Inventariado, 2019/VM |
| 651 #4 - PUNTO DE ACCESO ADICIONAL DE MATERIA--NOMBRE GEOGRÁFICO |
| Nombre geográfico |
República Dominicana |
| Subdivisión general |
Relaciones Exteriores |
| 9 (RLIN) |
2258 |
| 651 #4 - PUNTO DE ACCESO ADICIONAL DE MATERIA--NOMBRE GEOGRÁFICO |
| Nombre geográfico |
República Dominicana |
| Subdivisión general |
Historia |
| 9 (RLIN) |
170 |
| 651 #0 - PUNTO DE ACCESO ADICIONAL DE MATERIA--NOMBRE GEOGRÁFICO |
| Nombre geográfico |
República Dominicana |
| Subdivisión general |
Política y gobierno |
| 9 (RLIN) |
45 |
| 651 #0 - PUNTO DE ACCESO ADICIONAL DE MATERIA--NOMBRE GEOGRÁFICO |
| Nombre geográfico |
República Dominicana -- |
| Subdivisión general |
Historia -- |
| Subdivisión cronológica |
Ocupación norteamericana, 1916-1924 |
| 9 (RLIN) |
1926 |
| 910 ## - DATOS DE OPCIÓN DEL USUARIO (OCLC) |
| Datos de opción del usuario |
Validado. Control de calidad MFF |